000 00740nam a2200217Ii 4500
003 JO-AjNU
008 230605s9999||||xx |||||||||||||| ||und||
017 _a2006/7/2174
040 _aJO-AjNU
_bara
_erda
_cJO-AjNU
041 _aara
050 1 4 _aD116.7.I3.A227 2006
100 3 _aتاليف عبد الغني، محمود,
_eauthor
_924247
245 0 0 _aفن الذات: دراسة في السيرة الذاتية لابن خلدون
250 _aط1
264 3 1 _aعمان: أزمنة للنشر والتوزيع، 2006
300 _a201ص
336 _atext
_btxt
_2rdacontent
337 _aunmediated
_bn
_2rdamedia
338 _avolume
_bnc
_2rdacarrier
650 4 _aالحضارة-علم اجتماع-ابن خلدون
_924248
999 _aA8899
_c12467
_d12467